000 00625nam a2200241 i 4500
001 C2-0134069
003 PPAK
005 20180727123655.0
008 971201s1977 enk |||| ||||| | eng d
020 _a0893970034
040 _aPPAK
_beng
_cPPAK
_erda
082 0 4 _a370.3
_223
090 0 0 _a370.3
_bPAG
_dR
100 1 _aPage, Terry G.,
_eauthor
245 1 0 _aInternational dictionary of education
264 1 _aLondon :
_bKogan Page ,
_c1977
300 _a381 pages ;
_c23 cm
336 _2rdacontent
_atext
337 _2rdamedia
_aunmediated
338 _2rdacarrier
_avolume
700 _eauthor
942 _ddc
_cB
999 _c42296
_d42296